000 00701nam a22002057a 4500
999 _c19221
_d19221
003 AR-CdUCM
008 190516b ||||| |||| 00| 0 spa d
040 _aMUNICIPALIDAD PROVINCIAL DEL CUSCO
_cBIBLIOTECA MUNICIPAL DEL CUSCO
082 _a190.9 /
_bV52
100 _aVerneaux, Roger
_940433
245 _aHistoria de la filosofía contemporánea /
260 _aBarcelona :
_bHerder,
_c1966.
300 _a245 páginas ;
_c23 cm.
505 _aContenido : La disolución del hegelianismo -- La filosofía de la vida en Alemania -- El positivismo ...
650 _aSocialismo
_91037
650 _aHistoria
_9136
650 _aFilosofía
_9395
942 _2ddc
_cLIBROS
945 _arah
_d2019-05-16